000 00663nam a2200253Ia 4500
005 20250425161919.0
008 250425s9999 xx 000 0 und d
041 _aspa
082 _a658.83
100 _aVILLEGAS ORREGO, FABIO
245 0 _aINVESTIGACION DEL MARKETING: UN ENFOQUE GERENCIAL
250 _a1A ED.
260 _aEstados Unidos
_bUNIVERSIDAD DEL VALLE
_c1990
260 _aS.L.
300 _a296
500 _aFOTOCOPIA
650 _aANALISIS DE DATOS
650 _aINVESTIGACION DE MERCADOS
650 _aINVESTIGACION EXPERIMENTAL
650 _aINVESTIGACIONES-INFORMES
650 _aMUESTREO
942 _c01
010 _a34741
999 _c218727
_d218727